[Event "Oberliga Wuerttemberg 1920"]
[Site "Wuerttemberg"]
[Date "2020.03.01"]
[Round "8.2"]
[White "Heidenfeld, Mark"]
[Black "Niklasch, Oliver"]
[Result "1/2-1/2"]
[WhiteElo "2352"]
[BlackElo "2229"]
[PlyCount "27"]
[EventDate "2019.09.15"]
[EventType "team-tourn"]
[EventRounds "9"]
[EventCountry "GER"]
[SourceTitle "EXT 2021"]
[Source "ChessBase"]
[SourceDate "2020.10.23"]
[SourceVersion "1"]
[SourceVersionDate "2020.10.23"]
[SourceQuality "1"]
[WhiteTeam "Jedesheim"]
[BlackTeam "Schmiden Cannstatt"]
[WhiteTeamCountry "GER"]
[BlackTeamCountry "GER"]

1. e4 e6 2. d4 d5 3. Nc3 Bb4 4. Nge2 dxe4 5. a3 Bxc3+ 6. Nxc3 Nc6 7. Bb5 Nge7 8. Bg5 f6 9. Be3 0-0 10. Qd2 f5 11. 0-0-0 Nd5 12. Nxd5 exd5 13. Bxc6 bxc6 14. Bf4 1/2-1/2

[Event "Oberliga Wuerttemberg 1920"]
[Site "Wuerttemberg"]
[Date "2020.02.16"]
[Round "7.2"]
[White "Henrichs, Thomas"]
[Black "Niklasch, Oliver"]
[Result "1/2-1/2"]
[WhiteElo "2390"]
[BlackElo "2229"]
[PlyCount "39"]
[EventDate "2019.09.15"]
[EventType "team-tourn"]
[EventRounds "9"]
[EventCountry "GER"]
[SourceTitle "EXT 2021"]
[Source "ChessBase"]
[SourceDate "2020.10.23"]
[SourceVersion "1"]
[SourceVersionDate "2020.10.23"]
[SourceQuality "1"]
[WhiteTeam "Weiler im Allgaeu"]
[BlackTeam "Schmiden Cannstatt"]
[WhiteTeamCountry "GER"]
[BlackTeamCountry "GER"]

1. d4 e6 2. c4 d5 3. Nc3 c5 4. cxd5 exd5 5. Nf3 Nc6 6. g3 Nf6 7. Bg2 Be7 8. 0-0 0-0 9. dxc5 Bxc5 10. a3 Re8 11. b4 Bb6 12. Bb2 Bg4 13. h3 Bh5 14. Na4 Ne4 15. Nxb6 axb6 16. Rc1 b5 17. Kh2 f6 18. Qd3 Qb6 19. e3 Rad8 20. Kg1 1/2-1/2

[Event "Oberliga Wuerttemberg 1920"]
[Site "Wuerttemberg"]
[Date "2020.01.19"]
[Round "6.4"]
[White "Niklasch, Oliver"]
[Black "Richter, Nils"]
[Result "1/2-1/2"]
[WhiteElo "2229"]
[BlackElo "2174"]
[PlyCount "39"]
[EventDate "2019.09.15"]
[EventType "team-tourn"]
[EventRounds "9"]
[EventCountry "GER"]
[SourceTitle "EXT 2021"]
[Source "ChessBase"]
[SourceDate "2020.10.23"]
[SourceVersion "1"]
[SourceVersionDate "2020.10.23"]
[SourceQuality "1"]
[WhiteTeam "Schmiden Cannstatt"]
[BlackTeam "Schoenaich II"]
[WhiteTeamCountry "GER"]
[BlackTeamCountry "GER"]

1. Nf3 Nf6 2. c4 e6 3. g3 d5 4. Bg2 Be7 5. 0-0 0-0 6. d4 dxc4 7. Qc2 b6 8. Bg5 Nd5 9. Bxe7 Qxe7 10. Qxc4 Bb7 11. Nc3 Nxc3 12. Qxc3 Rc8 13. Rfd1 Nd7 14. Ne5 Bxg2 15. Kxg2 Nxe5 16. dxe5 Rd8 17. Qc6 Rac8 18. Rac1 h6 19. a3 a5 20. e3 1/2-1/2

[Event "Oberliga Wuerttemberg 1920"]
[Site "Wuerttemberg"]
[Date "2019.12.15"]
[Round "5.3"]
[White "Niklasch, Oliver"]
[Black "Tran, Thanh Kien"]
[Result "1/2-1/2"]
[WhiteElo "2229"]
[BlackElo "2138"]
[PlyCount "53"]
[EventDate "2019.09.15"]
[EventType "team-tourn"]
[EventRounds "9"]
[EventCountry "GER"]
[SourceTitle "EXT 2021"]
[Source "ChessBase"]
[SourceDate "2020.10.23"]
[SourceVersion "1"]
[SourceVersionDate "2020.10.23"]
[SourceQuality "1"]
[WhiteTeam "Schmiden Cannstatt"]
[BlackTeam "Boeblingen"]
[WhiteTeamCountry "GER"]
[BlackTeamCountry "GER"]

1. c4 g6 2. d4 Nf6 3. Nc3 d5 4. cxd5 Nxd5 5. e4 Nxc3 6. bxc3 Bg7 7. Bc4 c5 8. Ne2 Nc6 9. Be3 0-0 10. 0-0 Qc7 11. Rc1 Rd8 12. Qd2 b6 13. Rfd1 Bb7 14. Bh6 Na5 15. Bd3 cxd4 16. Bxg7 Kxg7 17. cxd4 Qd7 18. d5 Rac8 19. Nd4 Rxc1 20. Qxc1 Rc8 21. Qb2 Kg8 22. h3 Qa4 23. Rd2 Nc4 24. Bxc4 Qxc4 25. Rc2 Qd3 26. Rxc8+ Bxc8 27. f3 1/2-1/2

[Event "Oberliga Wuerttemberg 1819"]
[Site "Wuerttemberg"]
[Date "2019.02.03"]
[Round "6"]
[White "Foisor, Ovidiu Doru"]
[Black "Niklasch, Oliver"]
[Result "1/2-1/2"]
[WhiteElo "2340"]
[BlackElo "2298"]
[PlyCount "66"]
[EventDate "2018.09.23"]
[EventType "team-tourn"]
[EventRounds "9"]
[EventCountry "GER"]
[SourceTitle "EXT 2020"]
[Source "ChessBase"]
[SourceDate "2019.10.17"]
[SourceVersion "1"]
[SourceVersionDate "2019.10.17"]
[SourceQuality "1"]
[WhiteTeam "Deizisau II"]
[BlackTeam "Schmiden Cannstatt"]
[WhiteTeamCountry "GER"]
[BlackTeamCountry "GER"]

1. d4 e6 2. Nf3 d5 3. c4 c5 4. e3 Nf6 5. a3 dxc4 6. Bxc4 a6 7. dxc5 Qxd1+ 8. Kxd1 Bxc5 9. b4 Bd6 10. Bb2 Nbd7 11. Nbd2 b6 12. Ke2 Bb7 13. Rhg1 Ke7 14. g4 Rhc8 15. Bd3 a5 16. g5 Nd5 17. Ne4 axb4 18. Nxd6 Kxd6 19. axb4 Nc3+ 20. Bxc3 Rxc3 21. Rxa8 Bxa8 22. Nd4 Ke7 23. Ra1 Bd5 24. Ra7 Bc4 25. Bxc4 Rxc4 26. Kd3 Rc1 27. f4 g6 28. h4 Kd6 29. Nb5+ Ke7 30. Nc3 e5 31. Nb5 exf4 32. exf4 Rd1+ 33. Ke3 Re1+ 1/2-1/2

[Event "Oberliga Wuerttemberg 1718"]
[Site "Wuerttemberg"]
[Date "2018.02.18"]
[Round "7.3"]
[White "Niklasch, Oliver"]
[Black "Kessler, Luca"]
[Result "0-1"]
[WhiteElo "2298"]
[BlackElo "2416"]
[PlyCount "94"]
[EventDate "2017.09.17"]
[EventType "team-tourn"]
[EventRounds "9"]
[EventCountry "GER"]
[SourceTitle "EXT 2019"]
[Source "ChessBase"]
[SourceDate "2018.10.10"]
[SourceVersion "1"]
[SourceVersionDate "2018.10.10"]
[SourceQuality "1"]
[WhiteTeam "Schmiden Cannstatt"]
[BlackTeam "Jedesheim"]
[WhiteTeamCountry "GER"]
[BlackTeamCountry "GER"]

1. Nf3 Nf6 2. c4 g6 3. g3 Bg7 4. Bg2 0-0 5. 0-0 d6 6. Nc3 Nc6 7. d3 e5 8. Bg5 h6 9. Bxf6 Bxf6 10. Rb1 a5 11. a3 Bg7 12. Nd2 f5 13. Nd5 g5 14. b4 axb4 15. axb4 g4 16. e3 h5 17. b5 Ne7 18. Qb3 Kh8 19. Rfc1 f4 20. Ne4 Bh6 21. exf4 Nxd5 22. cxd5 exf4 23. Rc4 b6 24. Rbc1 fxg3 25. hxg3 Ra7 26. Qc3+ Bg7 27. Qc2 Rf7 28. Qd2 Rf5 29. Qc2 Rf6 30. Qd2 Rf5 31. Qc2 Rxd5 32. Rxc7 Rxc7 33. Qxc7 Qxc7 34. Rxc7 Bf5 35. Rb7 Rxb5 36. Nxd6 Rb1+ 37. Kh2 Bxd3 38. Be4 Bxe4 39. Nxe4 b5 40. Nd6 b4 41. Rb5 b3 42. Rxh5+ Kg8 43. Rb5 b2 44. Nc4 Rf1 45. Nxb2 Rxf2+ 46. Kg1 Rxb2 47. Rg5 Rb4 0-1

[Event "Oberliga Wuerttemberg 1617"]
[Site "Wuerttemberg"]
[Date "2017.02.19"]
[Round "8.3"]
[White "Schmidt, Tobias"]
[Black "Niklasch, Oliver"]
[Result "1/2-1/2"]
[WhiteElo "2194"]
[BlackElo "2318"]
[PlyCount "34"]
[EventDate "2016.09.25"]
[EventType "team-tourn"]
[EventRounds "11"]
[EventCountry "GER"]
[SourceTitle "EXT 2019"]
[Source "ChessBase"]
[SourceDate "2018.10.10"]
[SourceVersion "1"]
[SourceVersionDate "2018.10.10"]
[SourceQuality "1"]
[WhiteTeam "Erdmannhausen"]
[BlackTeam "Schmiden Cannstatt"]
[WhiteTeamCountry "GER"]
[BlackTeamCountry "GER"]

1. e4 e6 2. d4 d5 3. Nd2 c5 4. exd5 Qxd5 5. Ngf3 cxd4 6. Bc4 Qd6 7. 0-0 Nf6 8. Nb3 Nc6 9. Nbxd4 Nxd4 10. Nxd4 Be7 11. c3 0-0 12. Qe2 a6 13. Bg5 Qc7 14. Bd3 Re8 15. Rfe1 Bd7 16. Rad1 Rad8 17. Bb1 Bc8 1/2-1/2

[Event "GER CupT 1617 prel7"]
[Site "Sasbach"]
[Date "2017.01.29"]
[Round "2.3"]
[White "Niklasch, Oliver"]
[Black "Riehle, Marco"]
[Result "1/2-1/2"]
[WhiteElo "2311"]
[BlackElo "2303"]
[PlyCount "100"]
[EventDate "2017.01.28"]
[EventType "team-k.o."]
[EventRounds "2"]
[EventCountry "GER"]
[SourceTitle "EXT 2019"]
[Source "ChessBase"]
[SourceDate "2018.10.10"]
[SourceVersion "1"]
[SourceVersionDate "2018.10.10"]
[SourceQuality "1"]
[WhiteTeam "Schmiden Cannstatt"]
[BlackTeam "Sasbach"]
[WhiteTeamCountry "GER"]
[BlackTeamCountry "GER"]

1. Nf3 c5 2. c4 Nf6 3. Nc3 d5 4. cxd5 Nxd5 5. g3 Nc6 6. Bg2 Nc7 7. 0-0 e5 8. b3 Be7 9. Bb2 0-0 10. Rc1 f6 11. e3 Bf5 12. d4 cxd4 13. exd4 exd4 14. Ne2 d3 15. Ned4 Be4 16. Rc4 Re8 17. Nxc6 Bxc6 18. Rd4 Qc8 19. a4 Ne6 20. Rxd3 Nc5 21. Re3 Bf8 22. Rfe1 Rd8 23. Qc2 Bd5 24. Nd4 Bxg2 25. Kxg2 Qd7 26. Qe2 Rac8 27. Qf3 Qd5 28. R1e2 Kf7 29. h4 Rd7 30. h5 Rcd8 31. Nf5 Qxf3+ 32. Rxf3 Rd3 33. Ree3 Rxe3 34. Rxe3 Rd2 35. Bc3 Ra2 36. Nd4 a6 37. g4 Nd7 38. Ne6 Bc5 39. Nxc5 Nxc5 40. Bb4 Rc2 41. Bxc5 Rxc5 42. Kf3 g6 43. hxg6+ Kxg6 44. Kf4 b5 45. axb5 Rxb5 46. f3 a5 47. Rc3 h5 48. gxh5+ Rxh5 49. Rc6 Rf5+ 50. Ke4 Rb5 1/2-1/2

[Event "Stuttgart-chA int"]
[Site "Ditzingen"]
[Date "2016.05.08"]
[Round "7"]
[White "Niklasch, Oliver"]
[Black "Jussupow, Nadejda"]
[Result "0-1"]
[WhiteElo "2319"]
[BlackElo "2106"]
[PlyCount "46"]
[EventDate "2016.05.05"]
[EventType "swiss"]
[EventRounds "7"]
[EventCountry "GER"]
[SourceTitle "EXT 2018"]
[Source "ChessBase"]
[SourceDate "2017.10.13"]
[SourceVersion "1"]
[SourceVersionDate "2017.10.13"]
[SourceQuality "1"]

1. c4 g6 2. g3 Bg7 3. Bg2 d6 4. Nc3 e5 5. d3 Nf6 6. Nf3 0-0 7. 0-0 Nbd7 8. Bd2 h6 9. b4 Re8 10. Qc2 Nf8 11. Rac1 c6 12. Rfe1 Bd7 13. Qb3 Ne6 14. e3 Nh7 15. Ne4 Qe7 16. c5 d5 17. Nd6 Reb8 18. e4 d4 19. Nc4 b6 20. cxb6 Nd8 21. bxa7 Rxa7 22. Qc2 c5 23. bxc5 Ba4 0-1

[Event "Stuttgart-chA int"]
[Site "Ditzingen"]
[Date "2016.05.07"]
[Round "6"]
[White "Teske, Henrik"]
[Black "Niklasch, Oliver"]
[Result "1-0"]
[WhiteElo "2487"]
[BlackElo "2319"]
[PlyCount "49"]
[EventDate "2016.05.05"]
[EventType "swiss"]
[EventRounds "7"]
[EventCountry "GER"]
[SourceTitle "EXT 2018"]
[Source "ChessBase"]
[SourceDate "2017.10.13"]
[SourceVersion "1"]
[SourceVersionDate "2017.10.13"]
[SourceQuality "1"]

1. Nf3 d5 2. d4 Nf6 3. c4 e6 4. g3 Be7 5. Bg2 0-0 6. 0-0 c6 7. Nc3 b6 8. Bf4 Bb7 9. Rc1 Na6 10. Ne5 c5 11. cxd5 cxd4 12. Qxd4 Bc5 13. Qa4 exd5 14. Rfd1 Qe8 15. a3 Ne4 16. Bxe4 dxe4 17. b4 g5 18. Nd7 Qe6 19. Nxf8 Bxf2+ 20. Kxf2 Qh3 21. Be3 Qxh2+ 22. Ke1 Rxf8 23. Qd7 Bc8 24. Qe7 Qxg3+ 25. Bf2 1-0

[Event "Oberliga Wuerttemberg 1516"]
[Site "Wuerttemberg"]
[Date "2015.09.20"]
[Round "1.5"]
[White "Niklasch, Oliver"]
[Black "Sinz, Bernhard"]
[Result "1/2-1/2"]
[WhiteElo "2269"]
[BlackElo "2236"]
[PlyCount "51"]
[EventDate "2015.09.20"]
[EventType "team-tourn"]
[EventRounds "9"]
[EventCountry "GER"]
[SourceTitle "EXT 2019"]
[Source "ChessBase"]
[SourceDate "2018.10.10"]
[SourceVersion "1"]
[SourceVersionDate "2018.10.10"]
[SourceQuality "1"]
[WhiteTeam "Schmiden Cannstatt"]
[BlackTeam "Biberach"]
[WhiteTeamCountry "GER"]
[BlackTeamCountry "GER"]

1. g3 d5 2. Nf3 Bg4 3. Bg2 Nd7 4. c4 e6 5. cxd5 exd5 6. 0-0 Ngf6 7. d3 c6 8. Nc3 Bc5 9. h3 Bxf3 10. Bxf3 0-0 11. Bf4 Re8 12. a3 a5 13. Qc2 Nf8 14. Na4 Ba7 15. e3 Ne6 16. d4 Ne4 17. Bxe4 dxe4 18. Nc3 Nxf4 19. gxf4 Qh4 20. Kh2 Re6 21. Rg1 Rae8 22. Rg4 Qh5 23. Rag1 g6 24. Rg5 Qh6 25. Rxa5 Bxd4 26. Ra4 1/2-1/2

[Event "Stuttgart-chA op"]
[Site "Ditzingen"]
[Date "2015.05.14"]
[Round "2"]
[White "Baenziger, Fabian"]
[Black "Niklasch, Oliver"]
[Result "0-1"]
[WhiteElo "1954"]
[BlackElo "2325"]
[PlyCount "70"]
[EventDate "2015.05.14"]
[EventType "swiss"]
[EventRounds "7"]
[EventCountry "GER"]
[SourceTitle "EXT 2018"]
[Source "ChessBase"]
[SourceDate "2017.10.13"]
[SourceVersion "1"]
[SourceVersionDate "2017.10.13"]
[SourceQuality "1"]

1. d4 e6 2. c4 d5 3. Nc3 c5 4. cxd5 exd5 5. Nf3 Nc6 6. g3 Nf6 7. Bg2 Be7 8. 0-0 0-0 9. Bg5 c4 10. Ne5 Be6 11. h3 h6 12. Be3 Qa5 13. f4 Rad8 14. Qe1 Rfe8 15. g4 Bb4 16. a3 Bxc3 17. bxc3 Ne4 18. Bxe4 dxe4 19. Nxc6 bxc6 20. f5 Bc8 21. Qd2 Rd5 22. h4 h5 23. Bh6 Qc7 24. Kg2 gxh6 25. Qxh6 Qd6 26. Qg5+ Kf8 27. Qxh5 Ke7 28. f6+ Kd8 29. g5 Qe6 30. Rh1 Kc7 31. e3 Rb5 32. Rab1 Rxb1 33. Rxb1 Qh3+ 34. Kf2 Qh2+ 35. Ke1 Be6 0-1

[Event "BL2-Sued 1415"]
[Site "Germany"]
[Date "2015.03.15"]
[Round "8.1"]
[White "Lobzhanidze, Davit"]
[Black "Niklasch, Oliver"]
[Result "1/2-1/2"]
[WhiteElo "2435"]
[BlackElo "2321"]
[PlyCount "45"]
[EventDate "2014.09.21"]
[EventType "team-tourn"]
[EventRounds "9"]
[EventCountry "GER"]
[SourceTitle "CBM 166 Extra"]
[Source "ChessBase"]
[SourceDate "2015.06.18"]
[SourceVersion "1"]
[SourceVersionDate "2015.06.18"]
[SourceQuality "1"]
[WhiteTeam "Hofheim"]
[BlackTeam "Schmiden Cannstatt"]
[WhiteTeamCountry "GER"]
[BlackTeamCountry "GER"]

1. e4 e6 2. d3 d5 3. Qe2 Nf6 4. Nf3 b5 5. e5 Nfd7 6. g3 c5 7. Bg2 Nc6 8. 0-0 Be7 9. h4 b4 10. Re1 a5 11. a4 Ba6 12. c4 bxc3 13. bxc3 Rb8 14. Nbd2 0-0 15. Nf1 Rb3 16. Qc2 Qb8 17. N3d2 Rb6 18. f4 Rc8 19. Nf3 d4 20. c4 Rb3 21. Ra3 Rxa3 22. Bxa3 Nb4 23. Qb3 1/2-1/2

[Event "BL2-Sued 1011"]
[Site "Germany"]
[Date "2010.11.14"]
[Round "3.2"]
[White "Boguslawski, Oleg"]
[Black "Niklasch, Oliver"]
[Result "1-0"]
[WhiteElo "2485"]
[BlackElo "2359"]
[PlyCount "49"]
[EventDate "2010.10.10"]
[EventType "team-tourn"]
[EventRounds "9"]
[EventCountry "GER"]
[SourceTitle "EXT 2012"]
[Source "ChessBase"]
[SourceDate "2011.11.24"]
[SourceVersion "1"]
[SourceVersionDate "2011.11.24"]
[SourceQuality "1"]
[WhiteTeam "Hockenheim"]
[BlackTeam "Schmiden Cannstatt"]
[WhiteTeamCountry "GER"]
[BlackTeamCountry "GER"]

1. e4 c6 2. d4 d5 3. Nc3 dxe4 4. Nxe4 Bf5 5. Ng3 Bg6 6. Nf3 Nd7 7. h4 h6 8. h5 Bh7 9. Bd3 Bxd3 10. Qxd3 e6 11. Bf4 Qa5+ 12. Bd2 Bb4 13. Ne4 Ngf6 14. Nd6+ Ke7 15. Nc4 Bxd2+ 16. Nfxd2 Qd5 17. Ne3 Qa5 18. a3 Rhd8 19. 0-0-0 Nc5 20. Qe2 Nce4 21. Nxe4 Nxe4 22. Qg4 Nf6 23. Qxg7 Rg8 24. Qxh6 Rg5 25. d5 1-0

[Event "BL2-Sued 1011"]
[Site "Germany"]
[Date "2010.10.24"]
[Round "2.2"]
[White "Niklasch, Oliver"]
[Black "Starostits, Ilmars"]
[Result "1/2-1/2"]
[WhiteElo "2359"]
[BlackElo "2466"]
[PlyCount "109"]
[EventDate "2010.10.10"]
[EventType "team-tourn"]
[EventRounds "9"]
[EventCountry "GER"]
[SourceTitle "EXT 2012"]
[Source "ChessBase"]
[SourceDate "2011.11.24"]
[SourceVersion "1"]
[SourceVersionDate "2011.11.24"]
[SourceQuality "1"]
[WhiteTeam "Schmiden Cannstatt"]
[BlackTeam "Schwegenheim"]
[WhiteTeamCountry "GER"]
[BlackTeamCountry "GER"]

1. Nf3 d5 2. d4 Nc6 3. Bf4 Bf5 4. e3 e6 5. Bd3 Bxd3 6. Qxd3 Bd6 7. Bxd6 cxd6 8. Nbd2 Nge7 9. c4 dxc4 10. Nxc4 Rc8 11. Qa3 Nf5 12. Rd1 d5 13. g4 dxc4 14. gxf5 Qd5 15. Ke2 exf5 16. Rhg1 g6 17. Ne5 Nxe5 18. dxe5 Qxe5 19. Rd4 Qc5 20. Qxc5 Rxc5 21. Rc1 b5 22. a4 0-0 23. b4 Rc7 24. axb5 Rfc8 25. Kd2 c3+ 26. Kc2 Rc4 27. Rxc4 Rxc4 28. Kb3 Rc7 29. Rxc3 Rd7 30. Rc6 Kf8 31. Kc4 Ke8 32. b6 axb6 33. Rxb6 Rd2 34. Rb8+ Kd7 35. Rb7+ Ke6 36. Rb6+ Ke5 37. Rb7 Rxf2 38. Rxf7 Rxh2 39. b5 h5 40. b6 Rb2 41. b7 Ke4 42. Re7+ Kf3 43. Kc5 h4 44. Kc6 g5 45. Re5 Rxb7 46. Kxb7 g4 47. Rxf5+ Kxe3 48. Rh5 h3 49. Kc6 Kf2 50. Kd5 Kg2 51. Ke4 h2 52. Kf4 g3 53. Kg4 h1Q 54. Rxh1 Kxh1 55. Kxg3 1/2-1/2

[Event "BL2-Sued 1011"]
[Site "Germany"]
[Date "2010.10.10"]
[Round "1.2"]
[White "Niklasch, Oliver"]
[Black "Dann, Matthias"]
[Result "1/2-1/2"]
[WhiteElo "2359"]
[BlackElo "2342"]
[PlyCount "61"]
[EventDate "2010.10.10"]
[EventType "team-tourn"]
[EventRounds "9"]
[EventCountry "GER"]
[SourceTitle "EXT 2012"]
[Source "ChessBase"]
[SourceDate "2011.11.24"]
[SourceVersion "1"]
[SourceVersionDate "2011.11.24"]
[SourceQuality "1"]
[WhiteTeam "Schmiden Cannstatt"]
[BlackTeam "Schott Mainz"]
[WhiteTeamCountry "GER"]
[BlackTeamCountry "GER"]

1. Nf3 Nf6 2. c4 g6 3. Nc3 Bg7 4. e4 d6 5. d4 0-0 6. Be2 e5 7. Be3 Na6 8. 0-0 Ng4 9. Bg5 Qe8 10. dxe5 h6 11. Bd2 Nxe5 12. Nd4 f5 13. exf5 gxf5 14. Re1 Qf7 15. Nd5 c6 16. Bh5 Qd7 17. Nf4 Nc5 18. Bc3 a5 19. Qc2 Qc7 20. Rad1 Bd7 21. Ng6 Nxg6 22. Bxg6 Ne4 23. Nxf5 Nxc3 24. Ne7+ Kh8 25. bxc3 Bg4 26. Bf5 Bh5 27. Ng6+ Bxg6 28. Bxg6 Rf4 29. Re4 Rxe4 30. Qxe4 Rf8 31. Rd3 1/2-1/2

[Event "Oberliga Wuerttemberg 0910"]
[Site "Wuerttemberg"]
[Date "2009.10.11"]
[Round "1.1"]
[White "Niklasch, Oliver"]
[Black "Naumann, Axel"]
[Result "1/2-1/2"]
[WhiteElo "2267"]
[BlackElo "2087"]
[PlyCount "79"]
[EventDate "2009.10.11"]
[EventType "team-tourn"]
[EventRounds "9"]
[EventCountry "GER"]
[SourceTitle "EXT 2019"]
[Source "ChessBase"]
[SourceDate "2018.10.10"]
[SourceVersion "1"]
[SourceVersionDate "2018.10.10"]
[SourceQuality "1"]
[WhiteTeam "Schmiden/Cannstatt"]
[BlackTeam "Stuttgart SF II"]
[WhiteTeamCountry "GER"]
[BlackTeamCountry "GER"]

1. c4 Nf6 2. Nc3 e5 3. Nf3 Nc6 4. g3 d5 5. cxd5 Nxd5 6. Bg2 Nb6 7. 0-0 Be7 8. a3 a5 9. d3 0-0 10. Be3 Be6 11. Rc1 Nd5 12. Na4 Nxe3 13. fxe3 e4 14. Ne1 Bg5 15. Qd2 Qd4 16. exd4 Bxd2 17. Rxc6 bxc6 18. Bxe4 Be3+ 19. Kg2 Bxd4 20. Nf3 Bf6 21. Bxc6 Rab8 22. d4 Bc4 23. Re1 Rfd8 24. e3 Rd6 25. Be4 Bb5 26. Nc5 Bc6 27. b3 Bxe4 28. Nxe4 Rdd8 29. Nfd2 Be7 30. Rc1 f5 31. Nc5 Kf7 32. Kf3 Bd6 33. h3 g6 34. Nc4 Bxc5 35. Ne5+ Kg8 36. Rxc5 Rxb3 37. Kf4 g5+ 38. Kxf5 Rxe3 39. Rxc7 Rxd4 40. Rc8+ 1/2-1/2

[Event "Oberliga Wuerttemberg 0809"]
[Site "Wuerttemberg"]
[Date "2009.03.29"]
[Round "9.1"]
[White "Niklasch, Oliver"]
[Black "Kabisch, Thilo"]
[Result "1/2-1/2"]
[WhiteElo "2283"]
[BlackElo "2279"]
[PlyCount "24"]
[EventDate "2008.10.12"]
[EventType "team-tourn"]
[EventRounds "9"]
[EventCountry "GER"]
[SourceTitle "EXT 2019"]
[Source "ChessBase"]
[SourceDate "2018.10.10"]
[SourceVersion "1"]
[SourceVersionDate "2018.10.10"]
[SourceQuality "1"]
[WhiteTeam "Schmiden/Cannstatt"]
[BlackTeam "Feuerbach"]
[WhiteTeamCountry "GER"]
[BlackTeamCountry "GER"]

1. e4 c5 2. Nf3 Nc6 3. Bb5 Nf6 4. Nc3 e6 5. 0-0 Be7 6. Bxc6 bxc6 7. d3 Qc7 8. b3 0-0 9. Bb2 e5 10. Ne2 d6 11. Nd2 Nh5 12. f4 exf4 1/2-1/2

[Event "Oberliga Wuerttemberg 0809"]
[Site "Wuerttemberg"]
[Date "2008.12.14"]
[Round "4.1"]
[White "Niklasch, Oliver"]
[Black "Zeller, Frank"]
[Result "1/2-1/2"]
[WhiteElo "2283"]
[BlackElo "2378"]
[PlyCount "118"]
[EventDate "2008.10.12"]
[EventType "team-tourn"]
[EventRounds "9"]
[EventCountry "GER"]
[SourceTitle "EXT 2019"]
[Source "ChessBase"]
[SourceDate "2018.10.10"]
[SourceVersion "1"]
[SourceVersionDate "2018.10.10"]
[SourceQuality "1"]
[WhiteTeam "Schmiden/Cannstatt"]
[BlackTeam "Schwaebisch Gmuend"]
[WhiteTeamCountry "GER"]
[BlackTeamCountry "GER"]

1. d4 Nf6 2. c4 c5 3. d5 b5 4. cxb5 a6 5. bxa6 g6 6. Nc3 Bxa6 7. e4 Bxf1 8. Kxf1 d6 9. Nf3 Bg7 10. h3 Nbd7 11. Kg1 0-0 12. Kh2 Qa5 13. Re1 Nb6 14. Re2 Nc4 15. Rc2 Nd7 16. Qe2 Qa6 17. Rb1 Rfb8 18. b3 Na3 19. Bxa3 Qxe2 20. Rxe2 Rxa3 21. Rc1 Rb4 22. Nb1 Ra8 23. Rcc2 Nb6 24. Nbd2 f5 25. Nc4 fxe4 26. Rxe4 Nxd5 27. Rd2 Nc3 28. Rxe7 d5 29. Nce5 Re4 30. Nc6 Ra6 31. Rc7 Bf8 32. Rc8 Kg7 33. Ng5 Bd6+ 34. g3 Re1 35. Nd8 Be7 36. Nf3 Re4 37. Nc6 Bf8 38. Ng5 Re1 39. Rc7+ Kg8 40. Rd3 Rxa2 41. Rf3 Ne4 42. h4 Rxf2+ 43. Rxf2 Nxf2 44. Nxh7 Ne4 45. Nxf8 Kxf8 46. Ne7 Re2+ 47. Kg1 Re3 48. Nxd5 Rxg3+ 49. Kh2 Rxb3 50. Nf4 Rb6 51. Kg2 Rf6 52. Kf3 Nd2+ 53. Ke3 Nc4+ 54. Ke4 Nd6+ 55. Ke5 Rf5+ 56. Kxd6 Rxf4 57. Kxc5 Rxh4 58. Kd5 Rf4 59. Ke5 Rf5+ 1/2-1/2

[Event "Oberliga Wuerttemberg 0809"]
[Site "Wuerttemberg"]
[Date "2008.10.12"]
[Round "1.1"]
[White "Milov, Vadim"]
[Black "Niklasch, Oliver"]
[Result "1-0"]
[WhiteElo "2634"]
[BlackElo "2283"]
[PlyCount "49"]
[EventDate "2008.10.12"]
[EventType "team-tourn"]
[EventRounds "9"]
[EventCountry "GER"]
[SourceTitle "EXT 2019"]
[Source "ChessBase"]
[SourceDate "2018.10.10"]
[SourceVersion "1"]
[SourceVersionDate "2018.10.10"]
[SourceQuality "1"]
[WhiteTeam "Deizisau"]
[BlackTeam "Schmiden/Cannstatt"]
[WhiteTeamCountry "GER"]
[BlackTeamCountry "GER"]

1. d4 Nf6 2. c4 e6 3. Nc3 Bb4 4. Nf3 d5 5. Bg5 h6 6. Bxf6 Qxf6 7. e3 0-0 8. Rc1 dxc4 9. Bxc4 Nd7 10. 0-0 c6 11. Ne4 Qe7 12. Ne5 Rd8 13. Qh5 Nf6 14. Nxf6+ Qxf6 15. a3 Bf8 16. f4 g6 17. Qh3 c5 18. Rcd1 cxd4 19. exd4 Bd7 20. d5 exd5 21. Nxd7 Rxd7 22. Qxd7 dxc4 23. Qxb7 Bc5+ 24. Kh1 Re8 25. Qb5 1-0

[Event "BL2-Sued 0708"]
[Site "Germany"]
[Date "2008.04.20"]
[Round "9.1"]
[White "Ikonnikov, Vyacheslav"]
[Black "Niklasch, Oliver"]
[Result "1-0"]
[WhiteElo "2555"]
[BlackElo "2406"]
[PlyCount "61"]
[EventDate "2007.10.21"]
[EventType "team-tourn"]
[EventRounds "9"]
[EventCountry "GER"]
[SourceTitle "EXT 2009"]
[Source "ChessBase"]
[SourceDate "2008.11.26"]
[SourceVersion "1"]
[SourceVersionDate "2008.11.26"]
[SourceQuality "1"]
[WhiteTeam "Heidelberg Handschuhsheim"]
[BlackTeam "Schmiden Cannstatt"]
[WhiteTeamCountry "GER"]
[BlackTeamCountry "GER"]

1. d4 Nf6 2. Nf3 e6 3. c4 d5 4. Nc3 Bb4 5. Bg5 0-0 6. e3 Nbd7 7. Qc2 c5 8. cxd5 exd5 9. Bd3 Qa5 10. 0-0 c4 11. Bf5 Re8 12. Nd2 g6 13. Bxd7 Nxd7 14. f3 Bxc3 15. bxc3 Nb6 16. Rac1 Bd7 17. h4 Rac8 18. e4 f5 19. Rce1 Qa4 20. Qc1 Qc6 21. e5 Be6 22. h5 Nd7 23. hxg6 hxg6 24. f4 Kf7 25. Nf3 Rh8 26. Bf6 Rh5 27. Ng5+ Kg8 28. Qa3 Re8 29. Qxa7 Qa6 30. Qxa6 bxa6 31. Rb1 1-0